000 00609nam a2200193Ia 4500
003 GCL
008 140319s9999 xx 000 0 ara d
040 _aGCL /
_cGCL
082 0 4 _a194
_bب ر
100 1 _aراوية عبدالمنعم عباس
245 1 0 _aبليز بسكال وفلسفة الانسان /
_cراوية عبدالمنعم عباس
260 _a[S.N] :
_bدار المعرفة الجامعية ،
_c1986
300 _a588 ص
490 _a
650 0 4 _aالفلسفة والدين
650 0 4 _aالفلسفة الاوربية
650 0 4 _aالانسانيات
942 _2ddc
_cBK
999 _c52348
_d52348